| 000 | 00459nam a22001577a 4500 | ||
|---|---|---|---|
| 999 |
_c130482 _d130482 |
||
| 008 | 201015b ||||| |||| 00| 0 eng d | ||
| 020 | _a9781846140273 | ||
| 050 | _aDC203.R678 2014 | ||
| 100 |
_aRoberts, Andrew _930078 |
||
| 245 |
_aNapoleon the Great _cAndrew Roberts |
||
| 260 |
_aLondon _bAllen Lane _c2014 |
||
| 300 |
_axxxiii, 936p. ; _c24cm. |
||
| 600 |
_aNapoleon 1 _949240 |
||
| 651 |
_aFrance _xHistory _y1789-1815 _929532 |
||
| 942 |
_2lcc _cMONOGRAPH |
||